[Event "Stay Safe Play From Home 174"]
[Site "T#646332Emanuel Laske"]
[Date "2020.05.25"]
[Round "7"]
[White "ritwik chess"]
[Black "Chase the sun"]
[Result "1-0"]
[WhiteElo "1436"]
[BlackElo "1912"]
[PlyCount "61"]
[EventDate "2020.05.25"]
[EventType "swiss (blitz)"]

1. c4 {[%emt 0:00:02]} e6 {[%emt 0:00:04]} 2. g3 {[%emt 0:00:01]} f5 {[%emt 0:00:01]} 3. Bg2 {[%emt 0:00:03]} Nf6 {[%emt 0:00:01]} 4. Nc3 {[%emt 0:00:01]} Be7 {[%emt 0:00:01]} 5. Nf3 {[%emt 0:00:02]} O-O {[%emt 0:00:00]} 6. d3 {[%emt 0:00:02]} d6 {[%emt 0:00:00]} 7. O-O {[%emt 0:00:03]} Nc6 {[%emt 0:00:02]} 8. Qb3 {[%emt 0:00:11]} Qe8 {[%emt 0:00:02]} 9. Ng5 {[%emt 0:00:05]} Kh8 {[%emt 0:00:03]} 10. c5 {[%emt 0:00:08]} Bd8 {[%emt 0:00:07]} 11. cxd6 {[%emt 0:00:04]} cxd6 {[%emt 0:00:00]} 12. Nf3 {[%emt 0:00:04]} e5 {[%emt 0:00:01]} 13. Bd2 {[%emt 0:00:02]} e4 {[%emt 0:00:11]} 14. dxe4 {[%emt 0:00:02]} fxe4 {[%emt 0:00:00]} 15. Ne1 {[%emt 0:00:02]} Nd4 {[%emt 0:00:03]} 16. Qd1 {[%emt 0:00:05]} Qh5 {[%emt 0:00:07]} 17. Nc2 {[%emt 0:00:12]} Nxc2 {[%emt 0:00:09]} 18. Qxc2 {[%emt 0:00:00]} Bb6 {[%emt 0:00:08]} 19. Rad1 {[%emt 0:00:05]} Ng4 {[%emt 0:00:03]} 20. h3 {[%emt 0:00:02]} Nxf2 {[%emt 0:00:05]} 21. e3 {[%emt 0:00:02]} Bxh3 {[%emt 0:00:12]} 22. Rxf2 {[%emt 0:00:09]} Rxf2 {[%emt 0:00:02]} 23. Kxf2 {[%emt 0:00:02]} Rf8+ {[%emt 0:00:01]} 24. Kg1 {[%emt 0:00:06]} Bxg2 {[%emt 0:00:02]} 25. Kxg2 {[%emt 0:00:00]} Qf3+ {[%emt 0:00:01]} 26. Kh2 {[%emt 0:00:03]} Qf2+ {[%emt 0:00:09]} 27. Kh3 {[%emt 0:00:02]} Rf6 {[%emt 0:00:10]} 28. Nxe4 {[%emt 0:00:07]} Rh6+ {[%emt 0:00:01]} 29. Kg4 {[%emt 0:00:02]} Rg6+ {[%emt 0:00:14]} 30. Ng5 {[%emt 0:00:12]} h6 {[%emt 0:00:06]} 31. Qc8+ {[%emt 0:00:04] Chase the sun gibt auf (Lag: Av=1.02s, max=1.6s)} 1-0

[Event "Stay Safe Play From Home 174"]
[Site "T#646332Emanuel Laske"]
[Date "2020.05.25"]
[Round "8"]
[White "Don59as"]
[Black "matanant"]
[Result "0-1"]
[WhiteElo "2104"]
[BlackElo "1761"]
[Annotator "NA"]
[PlyCount "82"]
[EventDate "2020.05.25"]
[EventType "swiss (blitz)"]

1. c4 {[%emt 0:00:02]} e5 {[%emt 0:00:02]} 2. Nc3 {[%emt 0:00:01]} Nf6 {[%emt 0:00:01]} 3. e4 {[%emt 0:00:01]} Bc5 {[%emt 0:00:06]} 4. g3 {[%emt 0:00:01]} O-O {[%emt 0:00:02]} 5. Bg2 {[%emt 0:00:01]} Nc6 {[%emt 0:00:01]} 6. Nge2 {[%emt 0:00:01]} Nd4 {[%emt 0:00:01]} 7. h3 {[%emt 0:00:02]} d6 {[%emt 0:00:02]} 8. d3 {[%emt 0:00:01]} h6 {[%emt 0:00:02]} 9. O-O {[%emt 0:00:03]} Nxe2+ {[%emt 0:00:02]} 10. Nxe2 {[%emt 0:00:03]} Bd7 {[%emt 0:00:02]} 11. d4 {[%emt 0:00:05]} exd4 {[%emt 0:00:02]} 12. Nxd4 {[%emt 0:00:01]} Re8 {[%emt 0:00:06]} 13. Re1 {[%emt 0:00:01]} Bxd4 {[%emt 0:00:04]} 14. Qxd4 {[%emt 0:00:02]} Qc8 {[%emt 0:00:01]} 15. Kh2 {[%emt 0:00:03]} Bc6 {[%emt 0:00:01]} 16. Bxh6 {[%emt 0:00:16]} Qe6 {[%emt 0:00:10]} 17. Bg5 {[%emt 0:00:29]} Nh7 {[%emt 0:00:02]} 18. Bd2 {[%emt 0:00:07]} g5 {[%emt 0:00:02]} 19. Bc3 {[%emt 0:00:03]} f6 {[%emt 0:00:02]} 20. Bf3 {[%emt 0:00:14]} Re7 {[%emt 0:00:07]} 21. Bg4 {[%emt 0:00:06]} Qe5 {[%emt 0:00:02]} 22. Qd2 {[%emt 0:00:12]} Qc5 {[%emt 0:00:02]} 23. Bf5 {[%emt 0:00:22]} Rf8 {[%emt 0:00:05]} 24. b3 {[%emt 0:00:03]} Bd7 {[%emt 0:00:08]} 25. Bxd7 {[%emt 0:00:05]} Rxd7 {[%emt 0:00:01]} 26. Qd5+ {[%emt 0:00:12]} Kg7 {[%emt 0:00:10]} 27. Qxc5 {[%emt 0:00:11]} dxc5 {[%emt 0:00:01]} 28. Rad1 {[%emt 0:00:01]} Rfd8 {[%emt 0:00:01]} 29. Rxd7+ {[%emt 0:00:01]} Rxd7 {[%emt 0:00:01]} 30. e5 {[%emt 0:00:01]} Rd3 {[%emt 0:00:07]} 31. exf6+ {[%emt 0:00:02]} Nxf6 {[%emt 0:00:01]} 32. Re7+ {[%emt 0:00:02]} Kg6 {[%emt 0:00:02]} 33. Bxf6 {[%emt 0:00:01]} Kxf6 {[%emt 0:00:01]} 34. Rxc7 {[%emt 0:00:00]} b6 {[%emt 0:00:01]} 35. Rxa7 {[%emt 0:00:01]} Rd2 {[%emt 0:00:00]} 36. Rb7 {[%emt 0:00:01]} Rxf2+ {[%emt 0:00:03]} 37. Kg1 {[%emt 0:00:00]} Rxa2 {[%emt 0:00:01]} 38. Rxb6+ {[%emt 0:00:01]} Kf5 {[%emt 0:00:01]} 39. Rc6 {[%emt 0:00:00]} Ke4 {[%emt 0:00:03]} 40. Rxc5 {[%emt 0:00:01]} Kf3 {[%emt 0:00:01]} 41. Rf5+ {[%emt 0:00:02]} Kxg3 {[%emt 0:00:01] Time (Lag: Av=0.74s, max=1.4s)} 0-1

[Event "Stay Safe Play From Home 174"]
[Site "T#646332Emanuel Laske"]
[Date "2020.05.25"]
[Round "8"]
[White "Greblah"]
[Black "Weltszmerc"]
[Result "0-1"]
[WhiteElo "1915"]
[BlackElo "2124"]
[Annotator "TA"]
[PlyCount "94"]
[EventDate "2020.05.25"]
[EventType "swiss (blitz)"]

{[%evp 9,94,50,59,54,56,15,15,7,12,7,10,-17,-14,-42,-31,-33,-12,-47,-35,-38,21,2,30,-57,-52,-47,-40,-34,83,95,173,0,-13,-103,-23,-18,-10,-13,-7,-33,0,-28,-20,-28,0,-17,0,0,0,0,0,-7,0,-17,-10,-39,-8,-15,-15,-15,-2,-2,-2,-9,-9,-9,-9,-302,-233,-510,-198,-1864,-1825,-1782,-1750,-5946,-6211,-29972,-29973,-29973,-29974,-29974,-29975,-29981,-29982,-6744,-6319]} 1. e4 Nf6 2. e5 Nd5 3. d4 d6 4. Nf3 Bg4 5. exd6 cxd6 6. Be2 {B05: Alekhine's Defence: 4 Nf3 Bg4.} e6 7. c3 Be7 {[#]} 8. Nbd2 $146 {The position is equal.} ({Predecessor:} 8. O-O O-O 9. Re1 Nc6 10. Nbd2 e5 11. dxe5 dxe5 12. Nxe5 Bxe2 13. Rxe2 Nf4 14. Re1 Nxe5 15. Rxe5 {1-0 (61) Blumelova,Z (1966)-Olsarova,K (2272) Prague 2018}) 8... O-O 9. Nf1 Bh5 10. Ne3 Nf4 11. O-O (11. Bb5 {with more complications.} Nc6 12. g3 Nh3 13. Bf1 Ng5 14. Be2) 11... Nxe2+ 12. Qxe2 d5 13. g3 Nd7 14. Ng2 g5 ({Black should play} 14... h6 $15) 15. Qe3 $11 {[%cal Rf3g5]} h6 16. Ne5 (16. h4 $11) 16... Nxe5 $15 17. Qxe5 Bd6 18. Qe3 Qf6 (18... Qe7 $15 {stays ahead.}) 19. f4 $16 g4 (19... Rfc8 $16) 20. Ne1 $2 {[#]} (20. f5 $1 $18) 20... Bg6 $11 21. Nd3 (21. f5 $11 {keeps the balance.} Bxf5 22. Ng2) 21... Bxd3 ({Better is} 21... Bf5 $17) 22. Qxd3 Qf5 23. Qxf5 exf5 24. Re1 Rfe8 25. Bd2 Re4 26. Kf2 Rae8 27. Re3 (27. Rxe4 {is more complex.} fxe4 28. Rh1 f5 29. h3 gxh3 30. Rxh3 Kg7 31. g4) 27... Rxe3 (27... Kg7 {keeps more tension.} 28. b3 Rc8 29. a4 h5 30. Rc1 Ba3) 28. Bxe3 {[%mdl 4096] Endgame KRB-KRB} h5 29. Re1 Kf8 30. Bd2 Re4 31. Re3 Be7 32. Kg2 Ke8 33. h3 Kd7 34. h4 Kc6 35. Kf2 b5 36. Ke2 a5 37. Kd3 b4 38. c4 $2 {[%mdl 8192] This move loses the game for White.} (38. Re1 $11 {and White has nothing to worry.}) 38... Bf6 $19 {[#] White must now prevent ...dxc4+.} 39. cxd5+ $2 (39. Rxe4 {was the only defense.} fxe4+ 40. Ke3) 39... Kxd5 40. Kc2 $2 (40. b3) 40... Rxe3 41. Bxe3 Bxd4 {KB-KB} 42. Kd3 Bxb2 43. Bb6 a4 {[%cal Ba5a4,Ba4b3][%mdl 32]} 44. Ba5 b3 45. axb3 axb3 46. Bd8 Bd4 47. Be7 Bf2 {Accuracy: White = 48%, Black = 79%.} 0-1

[Event "Stay Safe Play From Home 174"]
[Site "T#646332Emanuel Laske"]
[Date "2020.05.25"]
[Round "8"]
[White "Kongle"]
[Black "Lazieri3"]
[Result "0-1"]
[WhiteElo "1880"]
[BlackElo "2013"]
[PlyCount "66"]
[EventDate "2020.05.25"]
[EventType "swiss (blitz)"]

1. e4 {[%emt 0:00:01]} c6 {[%emt 0:00:00]} 2. d4 {[%emt 0:00:02]} d5 {[%emt 0:00:00]} 3. e5 {[%emt 0:00:01]} Bf5 {[%emt 0:00:03]} 4. g4 {[%emt 0:00:03]} Bd7 {[%emt 0:00:48]} 5. f4 {[%emt 0:00:05]} e6 {[%emt 0:00:00]} 6. Nf3 {[%emt 0:00:02]} h5 {[%emt 0:00:16]} 7. g5 {[%emt 0:00:03]} g6 {[%emt 0:00:03]} 8. Bd3 {[%emt 0:00:06]} c5 {[%emt 0:00:01]} 9. c3 {[%emt 0:00:02]} Nc6 {[%emt 0:00:01]} 10. Be3 {[%emt 0:00:03]} cxd4 {[%emt 0:00:01]} 11. cxd4 {[%emt 0:00:02]} Bb4+ {[%emt 0:00:01]} 12. Nc3 {[%emt 0:00:01]} Nge7 {[%emt 0:00:01]} 13. Nh4 {[%emt 0:00:04]} Rc8 {[%emt 0:00:06]} 14. O-O {[%emt 0:00:04]} Qa5 {[%emt 0:00:03]} 15. f5 {[%emt 0:00:07]} Nxf5 {[%emt 0:00:02]} 16. Nxf5 {[%emt 0:00:02]} exf5 {[%emt 0:00:01]} 17. Nb5 {[%emt 0:00:10]} Be6 {[%emt 0:00:13]} 18. a3 {[%emt 0:00:09]} Be7 {[%emt 0:00:02]} 19. b4 {[%emt 0:00:20]} Qd8 {[%emt 0:00:01]} 20. Rc1 {[%emt 0:00:04]} Bxg5 {[%emt 0:00:14]} 21. Nd6+ {[%emt 0:00:07]} Qxd6 {[%emt 0:00:01]} 22. exd6 {[%emt 0:00:03]} Bxe3+ {[%emt 0:00:00]} 23. Kh1 {[%emt 0:00:02]} Bxd4 {[%emt 0:00:03]} 24. b5 {[%emt 0:00:07]} Na5 {[%emt 0:00:05]} 25. Rxc8+ {[%emt 0:00:02]} Bxc8 {[%emt 0:00:00]} 26. Qa4 {[%emt 0:00:07]} Bb6 {[%emt 0:00:02]} 27. Re1+ {[%emt 0:00:15]} Be6 {[%emt 0:00:01]} 28. Qh4 {[%emt 0:00:19]} O-O {[%emt 0:00:05]} 29. Qg3 {[%emt 0:00:14]} Kg7 {[%emt 0:00:04]} 30. Qe5+ {[%emt 0:00:10]} Kh7 {[%emt 0:00:03]} 31. Qf6 {[%emt 0:00:01]} Bd8 {[%emt 0:00:02]} 32. Qe5 {[%emt 0:00:02]} Nc4 {[%emt 0:00:02]} 33. Bxc4 {[%emt 0:00:02]} dxc4 {[%emt 0:00:00] Time (Lag: Av=0.76s, max=1.1s)} 0-1

[Event "Stay Safe Play From Home 174"]
[Site "T#646332Emanuel Laske"]
[Date "2020.05.25"]
[Round "8"]
[White "Patzeroglu"]
[Black "Haxhi Baha"]
[Result "1-0"]
[WhiteElo "1863"]
[BlackElo "1821"]
[Annotator "NA"]
[PlyCount "47"]
[EventDate "2020.05.25"]
[EventType "swiss (blitz)"]
[TimeControl "180"]

1. e4 {[%emt 0:00:06]} e6 {[%emt 0:00:01]} 2. d4 {[%emt 0:00:13]} d5 {[%emt 0:00:01]} 3. Nc3 {[%emt 0:00:01]} Nf6 {[%emt 0:00:01]} 4. Bg5 {[%emt 0:00:02]} Be7 {[%emt 0:00:01]} 5. e5 {[%emt 0:00:00]} Nfd7 {[%emt 0:00:01]} 6. Bxe7 {[%emt 0:00:03]} Qxe7 {[%emt 0:00:00]} 7. f4 {[%emt 0:00:02]} a6 {[%emt 0:00:01]} 8. Nf3 {[%emt 0:00:00]} c5 {[%emt 0:00:02]} 9. Bd3 {[%emt 0:00:00]} cxd4 {[%emt 0:00:02]} 10. Ne2 {[%emt 0:00:04]} Qb4+ {[%emt 0:00:02]} 11. Qd2 {[%emt 0:00:01]} Qxb2 {[%emt 0:00:01]} 12. O-O {[%emt 0:00:03]} Nc6 {[%emt 0:00:01]} 13. f5 {[%emt 0:00:20]} Ndxe5 {[%emt 0:00:04]} 14. Nxe5 {[%emt 0:00:09]} Nxe5 {[%emt 0:00:00]} 15. Qg5 {[%emt 0:00:01]} Nxd3 {[%emt 0:00:39]} 16. Qxg7 {[%emt 0:00:09]} Rf8 {[%emt 0:00:01]} 17. fxe6 {[%emt 0:00:50]} Bxe6 {[%emt 0:00:00]} 18. cxd3 {[%emt 0:00:03]} O-O-O {[%emt 0:00:48]} 19. Rac1+ {[%emt 0:00:11]} Kb8 {[%emt 0:00:01]} 20. Nxd4 {[%emt 0:00:00]} Rg8 {[%emt 0:00:06]} 21. Nc6+ {[%emt 0:00:03]} bxc6 {[%emt 0:00:04]} 22. Qxb2+ {[%emt 0:00:00]} Ka8 {[%emt 0:00:01]} 23. Rxc6 {[%emt 0:00:02]} Bc8 {[%emt 0:00:16]} 24. Rb1 {[%emt 0:00:03] Haxhi Baha resigns (Lag: Av=0.81s, max=1.7s)} 1-0

[Event "Stay Safe Play From Home 174"]
[Site "T#646332Emanuel Laske"]
[Date "2020.05.25"]
[Round "8"]
[White "Trotsky"]
[Black "Archi-ak"]
[Result "0-1"]
[WhiteElo "1576"]
[BlackElo "1827"]
[Annotator "NA"]
[PlyCount "60"]
[EventDate "2020.05.25"]
[EventType "swiss (blitz)"]

1. d3 {[%emt 0:00:02]} e5 {[%emt 0:00:01]} 2. e3 {[%emt 0:00:03]} d5 {[%emt 0:00:02]} 3. d4 {[%emt 0:00:01]} Nc6 {[%emt 0:00:06]} 4. c4 {[%emt 0:00:01]} exd4 {[%emt 0:00:04]} 5. exd4 {[%emt 0:00:01]} dxc4 {[%emt 0:00:01]} 6. Bxc4 {[%emt 0:00:01]} Bb4+ {[%emt 0:00:01]} 7. Nc3 {[%emt 0:00:02]} Nf6 {[%emt 0:00:01]} 8. Be3 {[%emt 0:00:02]} O-O {[%emt 0:00:01]} 9. Nf3 {[%emt 0:00:03]} Bg4 {[%emt 0:00:02]} 10. Qc2 {[%emt 0:00:01]} Bxf3 {[%emt 0:00:02]} 11. gxf3 {[%emt 0:00:01]} Nxd4 {[%emt 0:00:05]} 12. Bxd4 {[%emt 0:00:01]} Qxd4 {[%emt 0:00:00]} 13. Bd3 {[%emt 0:00:01]} Rfe8+ {[%emt 0:00:06]} 14. Be2 {[%emt 0:00:10]} Rxe2+ {[%emt 0:00:09]} 15. Kxe2 {[%emt 0:00:02]} Re8+ {[%emt 0:00:07]} 16. Kf1 {[%emt 0:00:01]} Qc4+ {[%emt 0:00:09]} 17. Kg2 {[%emt 0:00:02]} Re2 {[%emt 0:00:25]} 18. Nxe2 {[%emt 0:00:04]} Qxc2 {[%emt 0:00:02]} 19. Nf4 {[%emt 0:00:07]} g5 {[%emt 0:00:06]} 20. Nh3 {[%emt 0:00:05]} h6 {[%emt 0:00:02]} 21. Rag1 {[%emt 0:00:02]} Qxb2 {[%emt 0:00:02]} 22. Kf1 {[%emt 0:00:10]} Kh7 {[%emt 0:00:05]} 23. Rg3 {[%emt 0:00:01]} Qd2 {[%emt 0:00:01]} 24. Kg2 {[%emt 0:00:01]} Nh5 {[%emt 0:00:02]} 25. Rg4 {[%emt 0:00:01]} f5 {[%emt 0:00:02]} 26. Nxg5+ {[%emt 0:00:02]} hxg5 {[%emt 0:00:02]} 27. Rg1 {[%emt 0:00:01]} fxg4 {[%emt 0:00:01]} 28. Kh1 {[%emt 0:00:01]} gxf3 {[%emt 0:00:01]} 29. h4 {[%emt 0:00:02]} Qxf2 {[%emt 0:00:03]} 30. a3 {[%emt 0:00:04]} Qxh4# {[%emt 0:00:02] (Lag: Av=0.61s, max=1.2s)} 0-1

[Event "Stay Safe Play From Home 174"]
[Site "T#646332Emanuel Laske"]
[Date "2020.05.25"]
[Round "8"]
[White "ritwik chess"]
[Black "Haris kollari 13"]
[Result "1-0"]
[WhiteElo "1468"]
[BlackElo "1861"]
[Annotator "NA"]
[PlyCount "109"]
[EventDate "2020.05.25"]
[EventType "swiss (blitz)"]

1. c4 {[%emt 0:00:02]} b6 {[%emt 0:00:01]} 2. Nf3 {[%emt 0:00:03]} Bb7 {[%emt 0:00:01]} 3. g3 {[%emt 0:00:01]} g6 {[%emt 0:00:00]} 4. Bg2 {[%emt 0:00:02]} Bg7 {[%emt 0:00:01]} 5. O-O {[%emt 0:00:02]} h5 {[%emt 0:00:01]} 6. h4 {[%emt 0:00:02]} Nc6 {[%emt 0:00:01]} 7. Nc3 {[%emt 0:00:03]} e6 {[%emt 0:00:03]} 8. d3 {[%emt 0:00:02]} Qe7 {[%emt 0:00:01]} 9. Bf4 {[%emt 0:00:09]} O-O-O {[%emt 0:00:02]} 10. Qa4 {[%emt 0:00:12]} Kb8 {[%emt 0:00:03]} 11. Nb5 {[%emt 0:00:14]} e5 {[%emt 0:00:05]} 12. Bxe5 {[%emt 0:00:10]} Bxe5 {[%emt 0:00:06]} 13. Nxe5 {[%emt 0:00:02]} Qxe5 {[%emt 0:00:01]} 14. d4 {[%emt 0:00:01]} Qe6 {[%emt 0:00:09]} 15. d5 {[%emt 0:00:01]} Qf6 {[%emt 0:00:10]} 16. dxc6 {[%emt 0:00:01]} dxc6 {[%emt 0:00:01]} 17. Qxa7+ {[%emt 0:00:02]} Kc8 {[%emt 0:00:01]} 18. Nc3 {[%emt 0:00:05]} Ne7 {[%emt 0:00:07]} 19. Rfd1 {[%emt 0:00:02]} Nf5 {[%emt 0:00:03]} 20. e4 {[%emt 0:00:05]} Nd6 {[%emt 0:00:02]} 21. Bh3+ {[%emt 0:00:03]} Rd7 {[%emt 0:00:04]} 22. Bxd7+ {[%emt 0:00:03]} Kxd7 {[%emt 0:00:03]} 23. e5 {[%emt 0:00:02]} Qxe5 {[%emt 0:00:04]} 24. Qxb7 {[%emt 0:00:03]} g5 {[%emt 0:00:08]} 25. Qa7 {[%emt 0:00:03]} gxh4 {[%emt 0:00:02]} 26. gxh4 {[%emt 0:00:02]} Rg8+ {[%emt 0:00:02]} 27. Kf1 {[%emt 0:00:01]} Qf5 {[%emt 0:00:13]} 28. Rxd6+ {[%emt 0:00:04]} Kxd6 {[%emt 0:00:02]} 29. Rd1+ {[%emt 0:00:02]} Ke6 {[%emt 0:00:12]} 30. Qxc7 {[%emt 0:00:03]} Qh3+ {[%emt 0:00:02]} 31. Ke2 {[%emt 0:00:02]} Qg4+ {[%emt 0:00:02]} 32. Ke1 {[%emt 0:00:03]} Kf6 {[%emt 0:00:05]} 33. Qd6+ {[%emt 0:00:11]} Kg7 {[%emt 0:00:02]} 34. Qg3 {[%emt 0:00:02]} Re8+ {[%emt 0:00:01]} 35. Kf1 {[%emt 0:00:08]} f5 {[%emt 0:00:02]} 36. Qxg4+ {[%emt 0:00:02]} hxg4 {[%emt 0:00:01]} 37. Rd7+ {[%emt 0:00:02]} Kf6 {[%emt 0:00:01]} 38. Rd6+ {[%emt 0:00:02]} Ke5 {[%emt 0:00:01]} 39. Rxc6 {[%emt 0:00:00]} Kf4 {[%emt 0:00:03]} 40. Rxb6 {[%emt 0:00:04]} Rh8 {[%emt 0:00:01]} 41. c5 {[%emt 0:00:10]} Rxh4 {[%emt 0:00:01]} 42. c6 {[%emt 0:00:03]} Kf3 {[%emt 0:00:00]} 43. Ke1 {[%emt 0:00:02]} Rh1+ {[%emt 0:00:02]} 44. Kd2 {[%emt 0:00:01]} Rh8 {[%emt 0:00:03]} 45. c7 {[%emt 0:00:01]} Rc8 {[%emt 0:00:02]} 46. Nb5 {[%emt 0:00:01]} Kxf2 {[%emt 0:00:01]} 47. Rb8 {[%emt 0:00:01]} Rxc7 {[%emt 0:00:02]} 48. Nxc7 {[%emt 0:00:02]} g3 {[%emt 0:00:00]} 49. Rg8 {[%emt 0:00:03]} f4 {[%emt 0:00:01]} 50. Nd5 {[%emt 0:00:03]} f3 {[%emt 0:00:01]} 51. Nf6 {[%emt 0:00:02]} g2 {[%emt 0:00:01]} 52. Ne4+ {[%emt 0:00:02]} Kf1 {[%emt 0:00:01]} 53. Ke3 {[%emt 0:00:02]} Ke1 {[%emt 0:00:09]} 54. Kxf3 {[%emt 0:00:02]} g1=Q {[%emt 0:00:02]} 55. Rxg1# {[%emt 0:00:00] (Lag: Av=1.13s, max=2.0s)} 1-0

[Event "Stay Safe Play From Home 174"]
[Site "T#646332Emanuel Laske"]
[Date "2020.05.25"]
[Round "8"]
[White "Aktürk"]
[Black "Tunca"]
[Result "0-1"]
[WhiteElo "1433"]
[BlackElo "1770"]
[Annotator "NA"]
[PlyCount "58"]
[EventDate "2020.05.25"]
[EventType "swiss (blitz)"]

1. e3 {[%emt 0:00:05]} d6 {[%emt 0:00:03]} 2. Qf3 {[%emt 0:00:01]} e5 {[%emt 0:00:01]} 3. Nc3 {[%emt 0:00:04]} f5 {[%emt 0:00:01]} 4. b3 {[%emt 0:00:02]} Nf6 {[%emt 0:00:01]} 5. Bb2 {[%emt 0:00:01]} Be7 {[%emt 0:00:01]} 6. Nd1 {[%emt 0:00:02]} O-O {[%emt 0:00:01]} 7. h4 {[%emt 0:00:03]} Nc6 {[%emt 0:00:07]} 8. h5 {[%emt 0:00:01]} Nb4 {[%emt 0:00:03]} 9. Rc1 {[%emt 0:00:23]} Nxa2 {[%emt 0:00:01]} 10. Ra1 {[%emt 0:00:01]} Nb4 {[%emt 0:00:01]} 11. Rc1 {[%emt 0:00:01]} e4 {[%emt 0:00:22]} 12. Qg3 {[%emt 0:00:06]} Kf7 {[%emt 0:00:29]} 13. Bc4+ {[%emt 0:00:08]} d5 {[%emt 0:00:01]} 14. Be2 {[%emt 0:00:01]} Bd6 {[%emt 0:00:04]} 15. Qg5 {[%emt 0:00:17]} Re8 {[%emt 0:00:12]} 16. Nh3 {[%emt 0:00:04]} Be5 {[%emt 0:00:02]} 17. Bxe5 {[%emt 0:00:06]} Rxe5 {[%emt 0:00:00]} 18. Nf4 {[%emt 0:00:03]} Qe7 {[%emt 0:00:04]} 19. Nc3 {[%emt 0:00:08]} Be6 {[%emt 0:00:15]} 20. O-O {[%emt 0:00:19]} Ng4 {[%emt 0:00:07]} 21. Bxg4 {[%emt 0:00:17]} Qxg5 {[%emt 0:00:02]} 22. f3 {[%emt 0:00:23]} fxg4 {[%emt 0:00:04]} 23. fxg4 {[%emt 0:00:08]} Kg8 {[%emt 0:00:01]} 24. Nxe6 {[%emt 0:00:07]} Rxe6 {[%emt 0:00:00]} 25. Nxd5 {[%emt 0:00:02]} Nxd5 {[%emt 0:00:02]} 26. Rf2 {[%emt 0:00:02]} Qxg4 {[%emt 0:00:01]} 27. Rcf1 {[%emt 0:00:01]} Rf6 {[%emt 0:00:01]} 28. Rxf6 {[%emt 0:00:02]} Nxf6 {[%emt 0:00:00]} 29. Rxf6 {[%emt 0:00:02]} gxf6 {[%emt 0:00:01] Zaman (Lag: Av=0.38s, max=0.5s)} 0-1

[Event "Stay Safe Play From Home 174"]
[Site "T#646332Emanuel Laske"]
[Date "2020.05.25"]
[Round "9"]
[White "Weltszmerc"]
[Black "matanant"]
[Result "1-0"]
[WhiteElo "2132"]
[BlackElo "1791"]
[PlyCount "53"]
[EventDate "2020.05.25"]
[EventType "swiss (blitz)"]

1. d4 {[%emt 0:00:02]} e6 {[%emt 0:00:01]} 2. c4 {[%emt 0:00:01]} f5 {[%emt 0:00:01]} 3. g4 {[%emt 0:00:01]} d5 {[%emt 0:00:04]} 4. g5 {[%emt 0:00:02]} g6 {[%emt 0:00:02]} 5. Bg2 {[%emt 0:00:03]} c6 {[%emt 0:00:03]} 6. Nc3 {[%emt 0:00:02]} Bg7 {[%emt 0:00:01]} 7. e3 {[%emt 0:00:04]} Ne7 {[%emt 0:00:05]} 8. h4 {[%emt 0:00:04]} O-O {[%emt 0:00:02]} 9. h5 {[%emt 0:00:03]} Bd7 {[%emt 0:00:03]} 10. f4 {[%emt 0:00:10]} a6 {[%emt 0:00:02]} 11. c5 {[%emt 0:00:03]} b5 {[%emt 0:00:03]} 12. cxb6 {[%emt 0:00:07]} Qxb6 {[%emt 0:00:02]} 13. Nf3 {[%emt 0:00:04]} c5 {[%emt 0:00:02]} 14. Ne5 {[%emt 0:00:04]} Bxe5 {[%emt 0:00:02]} 15. dxe5 {[%emt 0:00:09]} d4 {[%emt 0:00:02]} 16. Bxa8 {[%emt 0:00:07]} dxc3 {[%emt 0:00:04]} 17. bxc3 {[%emt 0:00:00]} Bc6 {[%emt 0:00:02]} 18. Bxc6 {[%emt 0:00:03]} Qxc6 {[%emt 0:00:02]} 19. O-O {[%emt 0:00:03]} Nd5 {[%emt 0:00:01]} 20. c4 {[%emt 0:00:09]} Nb4 {[%emt 0:00:04]} 21. a3 {[%emt 0:00:04]} Nd7 {[%emt 0:00:13]} 22. axb4 {[%emt 0:00:02]} cxb4 {[%emt 0:00:01]} 23. Qd6 {[%emt 0:00:03]} Qc8 {[%emt 0:00:13]} 24. Qxe6+ {[%emt 0:00:06]} Rf7 {[%emt 0:00:01]} 25. Rxa6 {[%emt 0:00:09]} gxh5 {[%emt 0:00:11]} 26. Rd6 {[%emt 0:00:02]} Nf8 {[%emt 0:00:01]} 27. Qxc8 {[%emt 0:00:02] matanant resigns (Lag: Av=1.02s, max=1.4s)} 1-0

[Event "Stay Safe Play From Home 174"]
[Site "T#646332Emanuel Laske"]
[Date "2020.05.25"]
[Round "9"]
[White "Patzeroglu"]
[Black "ritwik chess"]
[Result "1-0"]
[WhiteElo "1878"]
[BlackElo "1499"]
[Annotator "NA"]
[PlyCount "99"]
[EventDate "2020.05.25"]
[EventType "swiss (blitz)"]

1. e4 {[%emt 0:00:02]} e5 {[%emt 0:00:01]} 2. Nf3 {[%emt 0:00:02]} Nc6 {[%emt 0:00:01]} 3. Nc3 {[%emt 0:00:02]} Nf6 {[%emt 0:00:02]} 4. d4 {[%emt 0:00:05]} exd4 {[%emt 0:00:02]} 5. Nxd4 {[%emt 0:00:26]} Bb4 {[%emt 0:00:03]} 6. Nxc6 {[%emt 0:00:01]} bxc6 {[%emt 0:00:02]} 7. Bd3 {[%emt 0:00:01]} O-O {[%emt 0:00:02]} 8. O-O {[%emt 0:00:14]} d5 {[%emt 0:00:04]} 9. exd5 {[%emt 0:00:02]} cxd5 {[%emt 0:00:00]} 10. Ne2 {[%emt 0:00:00]} c6 {[%emt 0:00:02]} 11. Bf4 {[%emt 0:00:02]} Bg4 {[%emt 0:00:03]} 12. h3 {[%emt 0:00:11]} Bh5 {[%emt 0:00:02]} 13. c3 {[%emt 0:00:08]} Bc5 {[%emt 0:00:02]} 14. Qd2 {[%emt 0:00:03]} Re8 {[%emt 0:00:03]} 15. Rae1 {[%emt 0:00:03]} Bb6 {[%emt 0:00:04]} 16. Ng3 {[%emt 0:00:04]} Bg6 {[%emt 0:00:04]} 17. Nf5 {[%emt 0:00:07]} Qd7 {[%emt 0:00:08]} 18. g4 {[%emt 0:00:07]} c5 {[%emt 0:00:45]} 19. Bb1 {[%emt 0:00:16]} Bc7 {[%emt 0:00:31]} 20. Bg5 {[%emt 0:00:09]} Ne4 {[%emt 0:00:04]} 21. Bxe4 {[%emt 0:00:04]} Bxf5 {[%emt 0:00:13]} 22. Bxf5 {[%emt 0:00:01]} Qc6 {[%emt 0:00:02]} 23. Bf4 {[%emt 0:00:02]} Bxf4 {[%emt 0:00:04]} 24. Qxf4 {[%emt 0:00:01]} Qb6 {[%emt 0:00:02]} 25. b4 {[%emt 0:00:03]} cxb4 {[%emt 0:00:03]} 26. Qxb4 {[%emt 0:00:00]} Qxb4 {[%emt 0:00:02]} 27. cxb4 {[%emt 0:00:01]} g6 {[%emt 0:00:02]} 28. Rxe8+ {[%emt 0:00:04]} Rxe8 {[%emt 0:00:03]} 29. Bd7 {[%emt 0:00:00]} Rd8 {[%emt 0:00:02]} 30. Bc6 {[%emt 0:00:01]} d4 {[%emt 0:00:02]} 31. b5 {[%emt 0:00:00]} d3 {[%emt 0:00:02]} 32. Rd1 {[%emt 0:00:00]} d2 {[%emt 0:00:01]} 33. Kf1 {[%emt 0:00:01]} Kg7 {[%emt 0:00:03]} 34. Ke2 {[%emt 0:00:00]} Kf6 {[%emt 0:00:01]} 35. Rxd2 {[%emt 0:00:01]} Rxd2+ {[%emt 0:00:01]} 36. Kxd2 {[%emt 0:00:01]} Kg5 {[%emt 0:00:00]} 37. a4 {[%emt 0:00:01]} Kh4 {[%emt 0:00:00]} 38. a5 {[%emt 0:00:00]} Kxh3 {[%emt 0:00:00]} 39. b6 {[%emt 0:00:00]} axb6 {[%emt 0:00:00]} 40. axb6 {[%emt 0:00:00]} Kxg4 {[%emt 0:00:00]} 41. b7 {[%emt 0:00:00]} h5 {[%emt 0:00:00]} 42. b8=Q {[%emt 0:00:00]} h4 {[%emt 0:00:00]} 43. Bd7+ {[%emt 0:00:01]} Kh5 {[%emt 0:00:01]} 44. Qh2 {[%emt 0:00:00]} Kg5 {[%emt 0:00:00]} 45. f3 {[%emt 0:00:00]} h3 {[%emt 0:00:00]} 46. Qxh3 {[%emt 0:00:01]} f5 {[%emt 0:00:00]} 47. Qg3+ {[%emt 0:00:01]} Kf6 {[%emt 0:00:00]} 48. Be8 {[%emt 0:00:00]} Kg7 {[%emt 0:00:01]} 49. Qxg6+ {[%emt 0:00:02]} Kf8 {[%emt 0:00:00]} 50. Qf7# {[%emt 0:00:01] (Lag: Av=1.26s, max=2.9s)} 1-0